MARC

LEADER 00000nab a2200000 a 4500
001 vtls011717870
003 SK-MaSNL
005 20260426105511.0
008 171027c2017 xo er n ||00 c0ukr
015 |a SNBRB2017/10 
038 |a SVKPOCL 
040 |a SVKPOCL  |b slo  |c SVKPOCL  |e AACR2 
041 0 |a ukr 
044 |a xo  |c SK 
080 |a 323.15(437.6):061.2:341.231(437.6)  |2 2011 
080 |a 314.113(=161.2):32(4)  |2 2011 
080 |a 341.231:314.113  |2 2011 
080 |a 323.17(437.6):323.15(437.6)  |2 2011 
080 |a 94(437.6)"1945/1952"  |2 2011 
080 |a 94(477)"1945/1952"  |2 2011 
080 |a (=161.2)  |2 2011 
080 |a (477)  |2 2011 
080 |a (=161.25)  |2 2011 
080 |a (437.6)  |2 2011 
100 1 |a Lattová, Teodózia,  |d 1949-  |4 aut  |9 110367 
245 1 0 |a 1-ho marca 1945-ho roku v Prjašovi, v Rus'kim domi, zўšly sja delehatў z okresiv, de žўly Rusynў ...  |c [autor] -tl- 
246 3 |a Peršoho marca 1945-ho roku v Prjašovi, v Rus'kim domi, zўšly sja delehatў z okresiv, de žўly Rusynў ... 
246 3 3 |a 1-ho marca 1945-ho roku v Prjašovi, v Rus'kim domi, zŷšly sja delehatŷ z okresiv, de žŷly Rusynŷ ... 
246 3 |a Peršoho marca 1945-ho roku v Prjašovi, v Rus'kim domi, zŷšly sja delehatŷ z okresiv, de žŷly Rusynŷ ... 
500 |a V rubrike Našў osobnosty Istoričnўj kalendar' 
500 |a Odkrytie akronymu je s autorkiným súhlasom 
500 |a Noviny Prjašivščyna vychádzali v dvoch jazykových verziách - ruskej a ukrajinskej v rokoch 1945-1951 
500 |a UNRP pozri Ukrajins'ka narodna rada Prjašivščyny (1945-1952) (ľudovo-politický orgán : Slovensko) 
600 1 7 |a Karaman, Vasiľ,  |d 1903-1961  |2 svkpocl  |9 905789 
600 1 7 |a Babej, Peter,  |d 1900-1979  |2 svkpocl  |9 774130 
600 1 7 |a Židovský, Peter,  |d 1890-1947  |2 svkpocl  |9 206881 
610 2 7 |a Ukrajins'ka narodna rada Pjrašivščyny (Prešov, Slovensko)  |f (1945-1952)  |g (ľudovo-politický orgán)  |2 svkpocl  |9 1583647 
630 0 7 |a Pjašivščyna (noviny)  |2 svkpocl  |9 1625608 
648 7 |a 1945-1952  |2 svkpocl  |9 425516 
650 0 7 |a Rusíni  |2 SNKPH  |9 4087 
650 0 7 |a etnické politické strany a hnutia  |2 SNKPH  |9 4846 
650 0 7 |a národnostné pomery  |2 SNKPH  |9 3861 
650 0 7 |a autonómia  |2 SNKPH  |9 28289 
650 0 7 |a politika a vláda  |2 SNKPH  |9 3868 
650 0 7 |a Ukrajinci  |2 SNKPH  |9 19025 
651 7 |a Prešov (Slovensko)  |2 SNKPH  |9 17347 
651 7 |a Slovensko  |x dejiny  |2 SNKPH  |9 13278 
651 7 |a Slovensko východné  |2 SNKPH  |9 161134 
651 7 |a Československo  |2 SNKPH  |9 21376 
773 0 |t NN info Rusyn : Narodnў novynkў Rusyniv Slovakiji  |g Roč. XIV (26), č. 5 (2017), s. 10  |x 2454-0013 
852 |a SVKPO  |b KIS3GCP 
856 4 2 |y Elektronický archív Info Rusyna je dostupný na: http://www.rusyn.sk 
958 |a RN 
958 |a SS 
958 |a BX 
958 |a UA 
999 |c 3352811  |d 3354741